Library of the University of Algiers 3
Ibrahim Sultan Cheibout
شعار جامعة الجزائر 3
مكتبة جامعة الجزائر 3
إبراهيم سلطان شيبوط

إستراتيجية الموارد البشرية / (رقم التسجيلة. 44927)

تفاصيل مارك
000 -LEADER
fixed length control field 01528nam a2200241Ia 4500
003 - CONTROL NUMBER IDENTIFIER
control field Ost
005 - DATE AND TIME OF LATEST TRANSACTION
control field 20260507075552.0
008 - FIXED-LENGTH DATA ELEMENTS--GENERAL INFORMATION
fixed length control field 260507s9999||||xx |||||||||||||| ||und||
020 ## - INTERNATIONAL STANDARD BOOK NUMBER
International Standard Book Number 9775499739
040 ## - CATALOGING SOURCE
Transcribing agency fsecg
041 ## - LANGUAGE CODE
Language code of text/sound track or separate title ara
082 ## - DEWEY DECIMAL CLASSIFICATION NUMBER
Classification number 350.1
100 ## - MAIN ENTRY--PERSONAL NAME
Personal name تشاندا، أشوك
Relator term مؤلف
245 #0 - TITLE STATEMENT
Title إستراتيجية الموارد البشرية /
Statement of responsibility, etc. أشوك تشاندا
260 ## - PUBLICATION, DISTRIBUTION, ETC.
Place of publication, distribution, etc. القاهرة:
Name of publisher, distributor, etc. دار الفجر للنشر و التوزيع,
Date of publication, distribution, etc. 2002
300 ## - PHYSICAL DESCRIPTION
Extent 315 صفحة؛
Other physical details إيضاحات ؛
Dimensions 24 سم
504 ## - BIBLIOGRAPHY, ETC. NOTE
Bibliography, etc. note ملاحق ص.294
520 ## - SUMMARY, ETC.
Summary, etc. نشوء سيناريو الموارد البشرية و تطور استراتيجيتها مع التطرق الى خطوات الهيكل المعماري بتناول بناء رؤية الموارد البشرية و المسح المتفحص للبيئة و مراجعة الكفاءات و الموارد و رؤية خطط العمل الاستراتيجية الأخرى و تحديد الأهداف و تكامل الخطط التنفيذية و كذا تناول عملية التغيير يالتطرق الى البناء المعماري لاحداث التغيير و إعادة معايرة إستراتيجية الموارد البشرية و اخيرا دراسة حالة لتطبيق الاستراتيجية .
653 ## - INDEX TERM--UNCONTROLLED
Uncontrolled term ادارة الافراد
700 ## - ADDED ENTRY--PERSONAL NAME
Personal name الخزامى، عبد الحكم احمد
Relator term مؤلف ثانوي
700 ## - ADDED ENTRY--PERSONAL NAME
Personal name كابرا، شلبا
Relator term مؤلف ثانوي
942 ## - ADDED ENTRY ELEMENTS (KOHA)
Koha item type كتب
المقتنيات
Withdrawn status Lost status Source of classification or shelving scheme Damaged status Not for loan Home library Current library Date acquired Serial enumeration / chronology Inventory number Total checkouts Full call number Barcode Date last seen Price effective from Koha item type
    Dewey Decimal Classification   NOT LOAN / إعارة داخلية مكتبة كلية العلوم الإقتصادية والعلوم التجارية وعلوم التسيير مكتبة كلية العلوم الإقتصادية والعلوم التجارية وعلوم التسيير 07/05/2026 الطابق الأرضي 1974/1   أ/1974ن1 1974/1 07/05/2026 07/05/2026 كتب
    Dewey Decimal Classification   Available مكتبة كلية العلوم الإقتصادية والعلوم التجارية وعلوم التسيير مكتبة كلية العلوم الإقتصادية والعلوم التجارية وعلوم التسيير 07/05/2026 الطابق الأرضي 1974/2   أ/1974ن2 1974/2 07/05/2026 07/05/2026 كتب
    Dewey Decimal Classification   Available مكتبة كلية العلوم الإقتصادية والعلوم التجارية وعلوم التسيير مكتبة كلية العلوم الإقتصادية والعلوم التجارية وعلوم التسيير 07/05/2026 الطابق الثاني 1974/3   أ/1974ن3 1974/3 07/05/2026 07/05/2026 كتب

موارد الويب المفتوحة


© University of Algiers 3 All Rights Reserved
|
Implemented by LECHELAH Riad